Pediatric nursing : (Record no. 14394)

000 -LEADER
fixed length control field 00674nam a22002057a 4500
008 - FIXED-LENGTH DATA ELEMENTS--GENERAL INFORMATION
fixed length control field 160930b xxu||||| |||| 00| 0 eng d
020 ## - INTERNATIONAL STANDARD BOOK NUMBER
International Standard Book Number 9781401897116
020 ## - INTERNATIONAL STANDARD BOOK NUMBER
International Standard Book Number 1401897118
050 ## - LIBRARY OF CONGRESS CALL NUMBER
Classification number RJ 245
Item number .P68 2007
100 ## - MAIN ENTRY--PERSONAL NAME
Personal name Potts, Nicki L.
245 ## - TITLE STATEMENT
Title Pediatric nursing :
Remainder of title caring for children and their families/
Statement of responsibility, etc. Nicki L. Potts and Barbara L. Mandleco.
250 ## - EDITION STATEMENT
Edition statement 2nd ed.
260 ## - PUBLICATION, DISTRIBUTION, ETC. (IMPRINT)
Place of publication, distribution, etc. Australia :
Name of publisher, distributor, etc. Delmar Cengage Leraning ;
Date of publication, distribution, etc. c2007.
300 ## - PHYSICAL DESCRIPTION
Extent xxxii, 1342p. :
Other physical details ill. ;
Dimensions 27cm.
500 ## - GENERAL NOTE
General note Includes index.
650 ## - SUBJECT ADDED ENTRY--TOPICAL TERM
Topical term or geographic name as entry element Pediatric nursing.
650 ## - SUBJECT ADDED ENTRY--TOPICAL TERM
Topical term or geographic name as entry element Nursing Care
General subdivision methods. Child.
700 ## - ADDED ENTRY--PERSONAL NAME
Personal name Mandleco, Barbara L.
942 ## - ADDED ENTRY ELEMENTS (KOHA)
Source of classification or shelving scheme
Koha item type Hard Covered Materials
Classification part .P68 2007
Holdings
Withdrawn status Lost status Source of classification or shelving scheme Damaged status Not for loan Home library Current library Shelving location Date acquired Source of acquisition Total Checkouts Full call number Barcode Date last seen Price effective from Koha item type
          MACHAKOS UNIVERSITY LIBRARY MACHAKOS UNIVERSITY LIBRARY Technical section 30/09/2016 Donation (AFA)   RJ 245 .P68 2007 26344 10/07/2018 30/09/2016 Hard Covered Materials
© Machakos University Library, Along The Highway, Machakos Wote Rd, Machakos, Kenya P.O. Box 136 - 90100 Machakos - Kenya

Tel: ( +254 ) 723 805829 OR Fax : 044-20353 OR Email: library@mksu.ac.ke